|
|
|
|
| LEADER |
00000nam0a2200000 4500 |
| 001 |
296144 |
| 005 |
20231102000858.0 |
| 020 |
|
|
|a RU
|b 84-25038
|
| 035 |
|
|
|a (RuTPU)RU\TPU\book\321238
|
| 090 |
|
|
|a 296144
|
| 100 |
|
|
|a 20150528d1984 k y0rusy5003 ca
|
| 101 |
0 |
|
|a rus
|
| 102 |
|
|
|a RU
|
| 105 |
|
|
|a y z 001zy
|
| 200 |
1 |
|
|a Революция продолжается (опыт 70-х годов XX в.)
|f Б. И. Коваль
|g Академия наук СССР (АН СССР)
|
| 210 |
|
|
|a Москва
|c Наука
|d 1984
|
| 215 |
|
|
|a 177 с.
|
| 225 |
1 |
|
|a История и современность
|
| 320 |
|
|
|a Библиогр.: с. 172-176
|
| 606 |
1 |
|
|a Мировая политика
|2 stltpush
|3 (RuTPU)RU\TPU\subj\44089
|9 63463
|
| 610 |
1 |
|
|a международное революционное движение
|
| 610 |
1 |
|
|a история
|
| 610 |
1 |
|
|a 20 век
|
| 610 |
1 |
|
|a социальные революции
|
| 610 |
1 |
|
|a Испания
|
| 610 |
1 |
|
|a Португалия
|
| 610 |
1 |
|
|a Греция
|
| 610 |
1 |
|
|a гражданские войны
|
| 610 |
1 |
|
|a фашистские режимы
|
| 610 |
1 |
|
|a революционная борьба
|
| 686 |
|
|
|a Ф2(0)
|v LBC/SL-A
|2 rubbk
|
| 700 |
|
1 |
|a Коваль
|b Б. И.
|g Борис Иосифович
|
| 712 |
0 |
2 |
|a Академия наук СССР (АН СССР)
|c (1925-1991)
|2 stltpush
|3 (RuTPU)RU\TPU\col\722
|
| 801 |
|
0 |
|a RU
|b RuMRKP
|c 19950704
|g psbo
|
| 801 |
|
1 |
|a RU
|b 63413507
|c 20150528
|
| 801 |
|
2 |
|a RU
|b 63413507
|c 20170725
|g RCR
|
| 942 |
|
|
|c BK
|